[Event "GER-ch Rapid Women 2020"]
[Site "Plochingen"]
[Date "2020.09.21"]
[Round "7.6"]
[White "Burchardt, Brigitte"]
[Black "Gheng, Simona"]
[Result "0-1"]
[WhiteElo "2113"]
[BlackElo "2014"]
[Annotator "TA"]
[PlyCount "130"]
[EventDate "2020.09.19"]
[EventType "swiss"]
[EventCountry "GER"]
[SourceTitle "playchess.com"]
[Source "ChessBase"]
[SourceQuality "1"]

{[%evp 9,130,10,13,9,10,10,6,-12,10,-41,-37,-39,-26,-40,-27,-25,-19,-35,-34,-46,-27,-47,-52,-132,-135,-161,-162,-152,-47,-36,-42,-121,-121,-122,-70,-73,-67,-171,-170,-181,-179,-170,-162,-173,-168,-177,-149,-147,-154,-134,-105,-106,-87,-87,-80,-77,-24,-25,-34,-30,-21,-27,-8,-8,-8,-8,-8,-8,-8,-8,0,-20,-8,-75,0,-23,-23,-26,-37,-175,-175,-175,-175,-175,-175,-175,-35,-55,-8,-175,-175,-1347,-1329,-1147,-244,-244,-244,-238,-231,-230,-222,-206,0,-1322,-1322,-5130,-5130,-5123,-5115,-1497,-1422,-29977,0,-29980,-5089,-3219,-3384,-29991,-4610,-29989,-29990,-29998,-29990]} 1. e4 c5 2. b3 d6 3. Bb2 Nf6 4. Nc3 g6 5. Nd5 Nbd7 6. Bb5 {B20: Sicilian: Unusual White 2nd moves.} Bg7 7. Nxf6+ exf6 8. Nf3 {The position is equal.} O-O 9. Bxd7 (9. O-O $11) 9... Bxd7 $15 10. O-O {[#]} Re8 $146 ({Predecessor:} 10... Bc6 11. d3 d5 12. Nd2 Re8 13. f3 a5 14. a4 b5 15. exd5 Bxd5 16. axb5 Qb6 {1-0 (45) Garcia Saez,J (2070)-Renteria,J (2319) Madrid 2011}) 11. d3 f5 12. Bxg7 Kxg7 13. Re1 Qf6 14. exf5 Bxf5 15. h3 Rxe1+ 16. Qxe1 {[#]} (16. Nxe1 $15 Re8 17. Rb1) 16... Bxh3 $1 $17 {[%mdl 512]} 17. Nd2 {[#]} (17. gxh3 Qxf3) 17... Qg5 $1 $36 {[%csl Gh3][%cal Rg5g2][%mdl 2048] Black is on the roll.} 18. g3 Qe5 (18... Qf6 $17 19. Rc1 d5) 19. Qxe5+ $15 dxe5 {[%mdl 4096] Endgame KRB-KRN} 20. Ne4 (20. Re1 $15) 20... b6 $17 21. a4 Bf5 ({Better is} 21... Bd7 $1 $17 22. f3 Bc6) 22. Nd6 $15 Rd8 23. Nc4 (23. Nxf5+ $15 gxf5 24. Kf1) 23... e4 $19 24. dxe4 Bxe4 25. Ne3 Rd2 26. Kf1 Bf3 27. Ke1 Rd7 28. a5 b5 29. a6 Rd6 30. Ra5 c4 31. Rxb5 cxb3 ({Of course not} 31... Rxa6 $6 32. Nxc4 Re6+ 33. Ne3 $11) 32. Rxb3 Rxa6 {[#]} ({Black should try} 32... Kf6 $17) 33. Nf5+ $1 $11 {[%mdl 576] Discovered Attack} gxf5 34. Rxf3 {KR-KR} Kg6 35. Kd2 Ra2 36. Rf4 a5 37. Kc1 {Kb1 is the strong threat.} Ra1+ $1 38. Kb2 Re1 39. Kb3 h5 40. Ra4 Re2 41. Rf4 {[#]} (41. c4 $1 $11 {remains equal.}) 41... Kg5 (41... a4+ $1 $17 {[%mdl 512]} 42. Kxa4 Rxc2) 42. c3 {[#]} h4 $1 {[%mdl 512]} 43. Rxh4 Rxf2 44. Ra4 ({White has to play} 44. Rh7 $15) 44... Rf3 $19 45. Rxa5 Rxg3 46. Kc2 Re3 $1 47. c4 Re6 (47... Re7 $19 48. c5 f4 49. c6+ f5) 48. Kd3 $15 Kg4 49. c5 $2 (49. Ra7 $11) 49... f4 $19 50. Ra4 $2 (50. Ra7) 50... Kg3 51. Ra7 f6 $2 (51... Rf6 {Strongly threatening ...f3.} 52. Ra8 f3 53. Rg8+ Kh3 54. Rh8+ Kg2 55. Rg8+ Rg6) 52. Rg7+ Kf2 {aiming for ...f3.} 53. Kd4 f3 54. Kd5 Re5+ 55. Kd6 Ke2 $2 (55... Rg5 $1 $19 {[%cal Rg5g7]} 56. Rf7 f5) 56. Rf7 $2 {[%mdl 8192]} (56. Rg6 $11) 56... Rf5 57. c6 f2 58. c7 f1=Q {( -> ...Qd1+)} 59. c8=Q {KQR-KQR} Qf4+ 60. Ke7 Re5+ $2 (60... Qb4+ {mates} 61. Kd8 Rd5+ 62. Qd7 Rxd7+ 63. Rxd7 {[#]} Qd2 $1 {[%mdl 512]} 64. Kc7 Qxd7+ $1 {[%mdl 512]} 65. Kxd7 f5 66. Ke8 f4 67. Ke7 f3 68. Kf6 f2 69. Kf7 f1=Q+ 70. Ke6 Kd3 71. Ke5 Qf8 72. Ke6 Kd4 73. Kd7 Kd5 74. Kc7 Kc5 75. Kd7 Qf7+ 76. Kc8 Kc6 77. Kd8 Qf8#) 61. Kd8 $2 {[%mdl 8192]} (61. Kf8 $11) 61... Qd4+ (61... Qd2+ $142 62. Rd7 Qa5+ 63. Rc7 Qd5+ 64. Rd7 Qg8+ 65. Kc7 Rc5+ {[%mdl 64] Skewer} 66. Kd6 Rxc8 67. Rb7 Qg3+ 68. Ke6 Qh3+ 69. Kd6 Qd3+ 70. Ke7 Qe4+ 71. Kxf6 Qxb7 72. Kf5 Rc5+ 73. Kg6 Qb6+ 74. Kf7 Rc7+ 75. Kg8 Qb8#) 62. Rd7 Qb6+ 63. Rc7 f5 (63... Qd6+ $142 64. Rd7 Qf8+ 65. Kc7 Rc5+ {[%mdl 64] Skewer} 66. Kb6 Qxc8 67. Re7+ Kd3 68. Rd7+ Kc4 69. Rd4+ Kxd4 70. Ka7 Qc7+ 71. Ka8 Ra5#) 64. Qa8 Qf6+ 65. Kd7 Re7+ {Accuracy: White = 59%, Black = 67%.} 0-1

[Event "GER-ch Rapid Women 2020"]
[Site "Plochingen"]
[Date "2020.09.20"]
[Round "8.1"]
[White "Paehtz, Elisabeth"]
[Black "Voicu-Jagodzinsky, Carmen"]
[Result "1-0"]
[WhiteElo "2472"]
[BlackElo "2247"]
[Annotator "ChessBase"]
[PlyCount "127"]
[EventDate "2020.09.19"]
[EventType "swiss"]
[EventCountry "GER"]
[SourceTitle "playchess.com"]
[Source "ChessBase"]
[SourceQuality "1"]
[TimeControl "900+10"]

1. e4 {[%emt 0:00:00]} c5 {[%emt 0:00:00]} 2. Nc3 {[%emt 0:00:00]} Nc6 {[%emt 0:00:00]} 3. Bb5 {[%emt 0:00:00]} g6 {[%emt 0:00:00]} 4. Bxc6 {[%emt 0:00:00]} dxc6 {[%emt 0:00:00]} 5. d3 {[%emt 0:00:03]} Bg7 {[%emt 0:00:08]} 6. f4 {[%emt 0:00:14]} e5 {[%emt 0:02:07]} 7. Nf3 {[%emt 0:00:42]} exf4 {[%emt 0:01:51]} 8. Bxf4 {[%emt 0:00:02]} h6 {[%emt 0:00:44]} 9. Qd2 {[%emt 0:00:25]} g5 {[%emt 0:02:06]} 10. Bg3 {[%emt 0:02:40]} Ne7 {[%emt 0:00:14]} 11. h4 {[%emt 0:01:51]} g4 {[%emt 0:00:08]} 12. Ng1 {[%emt 0:00:29]} Ng6 {[%emt 0:01:01]} 13. h5 {[%emt 0:00:33]} Ne5 {[%emt 0:00:04]} 14. Nge2 {[%emt 0:00:15]} Be6 {[%emt 0:01:22]} 15. Bh4 {[%emt 0:01:11]} Qd6 {[%emt 0:01:10]} 16. Qf4 {[%emt 0:00:06]} Bd7 {[%emt 0:01:23]} 17. O-O {[%emt 0:02:10]} O-O {[%emt 0:00:50]} 18. Bf6 {[%emt 0:01:22]} Bxf6 {[%emt 0:00:13]} 19. Qxf6 {[%emt 0:00:01]} Qxf6 {[%emt 0:00:00]} 20. Rxf6 {[%emt 0:00:01]} Kg7 {[%emt 0:00:01]} 21. Rf4 {[%emt 0:00:29]} a5 {[%emt 0:00:51]} 22. Na4 {[%emt 0:00:22]} Rae8 {[%emt 0:00:56]} 23. Nxc5 {[%emt 0:00:05]} Bc8 {[%emt 0:00:00]} 24. Ng3 {[%emt 0:00:13]} b6 {[%emt 0:01:07]} 25. Na4 {[%emt 0:00:02]} b5 {[%emt 0:00:20]} 26. Nc5 {[%emt 0:00:02]} Rd8 {[%emt 0:00:28]} 27. Raf1 {[%emt 0:00:09]} f6 {[%emt 0:00:09]} 28. b3 {[%emt 0:00:31]} b4 {[%emt 0:00:04]} 29. Ne2 {[%emt 0:00:30]} Rde8 {[%emt 0:01:09]} 30. d4 {[%emt 0:00:49]} Nd7 {[%emt 0:00:02]} 31. Rxg4+ {[%emt 0:00:22]} Kh7 {[%emt 0:00:02]} 32. Nxd7 {[%emt 0:00:27]} Bxd7 {[%emt 0:00:01]} 33. Rgf4 {[%emt 0:00:02]} f5 {[%emt 0:00:08]} 34. Ng3 {[%emt 0:00:45]} Rg8 {[%emt 0:00:32]} 35. Nxf5 {[%emt 0:00:35]} Bxf5 {[%emt 0:00:33]} 36. exf5 {[%emt 0:00:01]} Re2 {[%emt 0:00:13]} 37. R1f2 {[%emt 0:00:01]} Re1+ {[%emt 0:00:01]} 38. Kh2 {[%emt 0:00:01]} Rg5 {[%emt 0:00:01]} 39. g4 {[%emt 0:00:24]} Kg7 {[%emt 0:00:01]} 40. Kg3 {[%emt 0:00:22]} Kf7 {[%emt 0:00:07]} 41. Kf3 {[%emt 0:00:11]} Rg8 {[%emt 0:00:03]} 42. Re2 {[%emt 0:00:27]} Rf1+ {[%emt 0:00:15]} 43. Kg3 {[%emt 0:00:10]} Rg1+ {[%emt 0:00:15]} 44. Kh3 {[%emt 0:00:04]} Rh1+ {[%emt 0:00:07]} 45. Kg2 {[%emt 0:00:01]} Ra1 {[%emt 0:00:04]} 46. Rfe4 {[%emt 0:00:17]} Rxa2 {[%emt 0:00:12]} 47. Kf3 {[%emt 0:00:07]} Rd8 {[%emt 0:00:21]} 48. Re7+ {[%emt 0:00:21]} Kf8 {[%emt 0:00:24]} 49. R7e6 {[%emt 0:00:56]} Rxd4 {[%emt 0:00:17]} 50. Rxh6 {[%emt 0:00:05]} Ra1 {[%emt 0:00:19]} 51. Rf6+ {[%emt 0:00:15]} Kg7 {[%emt 0:00:13]} 52. Rxc6 {[%emt 0:00:34]} Rf1+ {[%emt 0:00:08]} 53. Kg2 {[%emt 0:00:17]} Rff4 {[%emt 0:00:12]} 54. Rg6+ {[%emt 0:00:02]} Kf7 {[%emt 0:00:01]} 55. Kg3 {[%emt 0:00:05]} Rf1 {[%emt 0:00:24]} 56. h6 {[%emt 0:00:11]} Rd8 {[%emt 0:00:33]} 57. h7 {[%emt 0:00:21]} Rg1+ {[%emt 0:00:12]} 58. Rg2 {[%emt 0:00:16]} Re1 {[%emt 0:00:05]} 59. Rh2 {[%emt 0:00:21]} Re3+ {[%emt 0:00:06]} 60. Kf4 {[%emt 0:00:09]} Ree8 {[%emt 0:00:10]} 61. Re6 {[%emt 0:00:08]} Rh8 {[%emt 0:00:03]} 62. g5 {[%emt 0:00:09]} Rd4+ {[%emt 0:00:04]} 63. Re4 {[%emt 0:00:04]} Rd1 {[%emt 0:00:01]} 64. g6+ {[%emt 0:00:07]} 1-0

[Event "GER-ch Rapid Women 2020"]
[Site "Plochingen"]
[Date "2020.09.20"]
[Round "8.2"]
[White "Muetsch, Annmarie"]
[Black "Osmanodja, Filiz"]
[Result "1/2-1/2"]
[WhiteElo "2226"]
[BlackElo "2256"]
[Annotator "ChessBase"]
[PlyCount "218"]
[EventDate "2020.09.19"]
[EventType "swiss"]
[EventCountry "GER"]
[SourceTitle "playchess.com"]
[Source "ChessBase"]
[SourceQuality "1"]
[TimeControl "900+10"]

1. e4 {[%emt 0:00:00]} c5 {[%emt 0:00:00]} 2. Nc3 {[%emt 0:00:00]} d6 {[%emt 0:00:07]} 3. d4 {[%emt 0:00:00]} cxd4 {[%emt 0:00:13]} 4. Qxd4 {[%emt 0:00:03]} a6 {[%emt 0:00:14]} 5. b3 {[%emt 0:00:30]} Nc6 {[%emt 0:00:07]} 6. Qd2 {[%emt 0:00:02]} Nf6 {[%emt 0:00:26]} 7. Bb2 {[%emt 0:00:11]} e5 {[%emt 0:00:19]} 8. Nge2 {[%emt 0:00:20]} Be7 {[%emt 0:00:07]} 9. g3 {[%emt 0:00:46]} O-O {[%emt 0:04:51]} 10. Bg2 {[%emt 0:00:07]} Ng4 {[%emt 0:01:47]} 11. Nd5 {[%emt 0:04:15]} Bg5 {[%emt 0:00:16]} 12. f4 {[%emt 0:01:37]} exf4 {[%emt 0:00:39]} 13. gxf4 {[%emt 0:00:04]} Bh6 {[%emt 0:02:29]} 14. Qc3 {[%emt 0:04:42]} Ne7 {[%emt 0:02:38]} 15. Nxe7+ {[%emt 0:01:03]} Qxe7 {[%emt 0:00:02]} 16. Qg3 {[%emt 0:00:33]} f5 {[%emt 0:00:55]} 17. h3 {[%emt 0:00:48]} Nf6 {[%emt 0:00:01]} 18. e5 {[%emt 0:00:13]} dxe5 {[%emt 0:01:22]} 19. Bxe5 {[%emt 0:00:27]} Nd7 {[%emt 0:00:03]} 20. Bd4 {[%emt 0:00:13]} Re8 {[%emt 0:00:15]} 21. Bf3 {[%emt 0:00:33]} Qd6 {[%emt 0:01:04]} 22. Rd1 {[%emt 0:01:34]} Qxf4 {[%emt 0:00:03]} 23. Qxf4 {[%emt 0:00:25]} Bxf4 {[%emt 0:00:04]} 24. Bd5+ {[%emt 0:00:17]} Kh8 {[%emt 0:00:01]} 25. Kf2 {[%emt 0:00:07]} Be5 {[%emt 0:00:06]} 26. Be3 {[%emt 0:00:17]} Nf6 {[%emt 0:00:06]} 27. Bf3 {[%emt 0:00:07]} Ne4+ {[%emt 0:00:25]} 28. Kg2 {[%emt 0:00:04]} Be6 {[%emt 0:00:24]} 29. Nf4 {[%emt 0:00:08]} Bxf4 {[%emt 0:00:22]} 30. Bxf4 {[%emt 0:00:02]} Rac8 {[%emt 0:00:17]} 31. c4 {[%emt 0:00:15]} b5 {[%emt 0:00:00]} 32. Bxe4 {[%emt 0:00:11]} fxe4 {[%emt 0:00:05]} 33. cxb5 {[%emt 0:00:10]} Rc2+ {[%emt 0:00:10]} 34. Kg3 {[%emt 0:00:09]} axb5 {[%emt 0:00:06]} 35. Rhe1 {[%emt 0:00:11]} Bf5 {[%emt 0:00:12]} 36. Rd5 {[%emt 0:00:13]} Bg6 {[%emt 0:00:27]} 37. Rxb5 {[%emt 0:00:08]} Rxa2 {[%emt 0:00:02]} 38. Rb7 {[%emt 0:00:13]} Rb2 {[%emt 0:00:20]} 39. b4 {[%emt 0:00:12]} h5 {[%emt 0:00:13]} 40. h4 {[%emt 0:00:02]} Rb3+ {[%emt 0:00:06]} 41. Re3 {[%emt 0:00:04]} Rb1 {[%emt 0:00:08]} 42. b5 {[%emt 0:00:14]} Rg1+ {[%emt 0:00:13]} 43. Kh2 {[%emt 0:00:01]} Rf1 {[%emt 0:00:06]} 44. Kg3 {[%emt 0:00:20]} Rg1+ {[%emt 0:00:00]} 45. Kh2 {[%emt 0:00:08]} Rf1 {[%emt 0:00:05]} 46. Kg3 {[%emt 0:00:02]} Rf8 {[%emt 0:00:28]} 47. Be5 {[%emt 0:00:05]} R8f3+ {[%emt 0:00:10]} 48. Rxf3 {[%emt 0:00:02]} Rxf3+ {[%emt 0:00:01]} 49. Kg2 {[%emt 0:00:04]} Bf7 {[%emt 0:00:10]} 50. b6 {[%emt 0:00:31]} Rf5 {[%emt 0:00:08]} 51. Rb8+ {[%emt 0:00:21]} Kh7 {[%emt 0:00:14]} 52. b7 {[%emt 0:00:20]} Rxe5 {[%emt 0:00:07]} 53. Rh8+ {[%emt 0:00:04]} Kxh8 {[%emt 0:00:03]} 54. b8=Q+ {[%emt 0:00:03]} Re8 {[%emt 0:00:05]} 55. Qf4 {[%emt 0:00:11]} Kg8 {[%emt 0:00:27]} 56. Qe3 {[%emt 0:00:02]} Bg6 {[%emt 0:00:09]} 57. Qb3+ {[%emt 0:00:15]} Kh7 {[%emt 0:00:03]} 58. Kf2 {[%emt 0:00:23]} e3+ {[%emt 0:00:22]} 59. Ke2 {[%emt 0:00:02]} Re4 {[%emt 0:00:12]} 60. Qb5 {[%emt 0:00:16]} Re8 {[%emt 0:00:13]} 61. Qg5 {[%emt 0:00:05]} Re4 {[%emt 0:00:03]} 62. Qb5 {[%emt 0:00:12]} Rxh4 {[%emt 0:00:08]} 63. Kxe3 {[%emt 0:00:02]} Rh1 {[%emt 0:00:05]} 64. Qd5 {[%emt 0:00:08]} Re1+ {[%emt 0:00:04]} 65. Kf2 {[%emt 0:00:02]} Re4 {[%emt 0:00:04]} 66. Kg3 {[%emt 0:00:06]} Rg4+ {[%emt 0:00:07]} 67. Kh3 {[%emt 0:00:04]} Kh6 {[%emt 0:00:05]} 68. Qd2+ {[%emt 0:00:03]} Kh7 {[%emt 0:00:05]} 69. Qd5 {[%emt 0:00:03]} Ra4 {[%emt 0:00:24]} 70. Qg5 {[%emt 0:00:09]} Ra3+ {[%emt 0:00:05]} 71. Kh4 {[%emt 0:00:06]} Ra1 {[%emt 0:00:18]} 72. Qd5 {[%emt 0:00:07]} Re1 {[%emt 0:00:05]} 73. Kh3 {[%emt 0:00:14]} Re2 {[%emt 0:00:07]} 74. Kg3 {[%emt 0:00:06]} Kh6 {[%emt 0:00:06]} 75. Qc5 {[%emt 0:00:09]} Re1 {[%emt 0:00:38]} 76. Qd4 {[%emt 0:00:20]} Re4 {[%emt 0:00:13]} 77. Qd2+ {[%emt 0:00:04]} Kh7 {[%emt 0:00:00]} 78. Qd5 {[%emt 0:00:05]} Rg4+ {[%emt 0:00:18]} 79. Kh3 {[%emt 0:00:03]} Rf4 {[%emt 0:00:02]} 80. Kg3 {[%emt 0:00:06]} Rb4 {[%emt 0:00:04]} 81. Kh3 {[%emt 0:00:10]} Rb2 {[%emt 0:00:18]} 82. Kg3 {[%emt 0:00:09]} Kh6 {[%emt 0:00:11]} 83. Qd4 {[%emt 0:00:15]} Rb3+ {[%emt 0:00:12]} 84. Kh4 {[%emt 0:00:16]} Rd3 {[%emt 0:00:16]} 85. Qf4+ {[%emt 0:00:05]} Kh7 {[%emt 0:00:01]} 86. Kg5 {[%emt 0:00:21]} Rd1 {[%emt 0:00:18]} 87. Qf3 {[%emt 0:00:40]} Rg1+ {[%emt 0:00:08]} 88. Kh4 {[%emt 0:00:07]} Rg4+ {[%emt 0:00:09]} 89. Kh3 {[%emt 0:00:01]} Be4 {[%emt 0:00:06]} 90. Qf2 {[%emt 0:00:16]} Kh6 {[%emt 0:00:13]} 91. Qd2+ {[%emt 0:00:09]} Kg6 {[%emt 0:00:10]} 92. Qd6+ {[%emt 0:00:09]} Kh7 {[%emt 0:00:08]} 93. Qe5 {[%emt 0:00:19]} Bg2+ {[%emt 0:00:11]} 94. Kh2 {[%emt 0:00:00]} Kh6 {[%emt 0:00:16]} 95. Qe3+ {[%emt 0:00:01]} Rg5 {[%emt 0:00:10]} 96. Qf4 {[%emt 0:00:18]} Kg6 {[%emt 0:00:14]} 97. Qd6+ {[%emt 0:00:09]} Kh7 {[%emt 0:00:04]} 98. Qf4 {[%emt 0:00:04]} Kh6 {[%emt 0:00:10]} 99. Qd6+ {[%emt 0:00:07]} Rg6 {[%emt 0:00:07]} 100. Qf4+ {[%emt 0:00:03]} Rg5 {[%emt 0:00:08]} 101. Qd6+ {[%emt 0:00:10]} Kh7 {[%emt 0:00:05]} 102. Qf4 {[%emt 0:00:09]} Rg4 {[%emt 0:00:07]} 103. Qf5+ {[%emt 0:00:03]} Kh6 {[%emt 0:00:07]} 104. Qe6+ {[%emt 0:00:05]} Kg5 {[%emt 0:00:26]} 105. Qe5+ {[%emt 0:00:10]} Kh6 {[%emt 0:00:12]} 106. Qe3+ {[%emt 0:00:07]} Kh7 {[%emt 0:00:07]} 107. Qe5 {[%emt 0:00:05]} Kh6 {[%emt 0:00:14]} 108. Qe3+ {[%emt 0:00:10]} Rg5 {[%emt 0:00:08]} 109. Qf4 {[%emt 0:00:08]} Kg6 {[%emt 0:00:12]} 1/2-1/2

[Event "GER-ch Rapid Women 2020"]
[Site "Plochingen"]
[Date "2020.09.20"]
[Round "8.3"]
[White "Gheng, Simona"]
[Black "Papp, Sarah"]
[Result "1-0"]
[WhiteElo "2014"]
[BlackElo "2327"]
[Annotator "ChessBase"]
[PlyCount "87"]
[EventDate "2020.09.19"]
[EventType "swiss"]
[EventCountry "GER"]
[SourceTitle "playchess.com"]
[Source "ChessBase"]
[SourceQuality "1"]
[TimeControl "900+10"]

1. e4 {[%emt 0:00:00]} e6 {[%emt 0:00:00]} 2. d4 {[%emt 0:00:00]} d5 {[%emt 0:00:00]} 3. Nd2 {[%emt 0:00:00]} Be7 {[%emt 0:00:00]} 4. c3 {[%emt 0:00:11]} c5 {[%emt 0:00:21]} 5. exd5 {[%emt 0:00:10]} Qxd5 {[%emt 0:00:22]} 6. Ngf3 {[%emt 0:00:02]} Nf6 {[%emt 0:00:26]} 7. Bc4 {[%emt 0:00:17]} Qh5 {[%emt 0:00:06]} 8. Nf1 {[%emt 0:01:19]} cxd4 {[%emt 0:00:12]} 9. Ng3 {[%emt 0:00:07]} Qc5 {[%emt 0:00:08]} 10. Qxd4 {[%emt 0:00:03]} Nc6 {[%emt 0:00:25]} 11. Qxc5 {[%emt 0:00:07]} Bxc5 {[%emt 0:00:02]} 12. O-O {[%emt 0:00:02]} O-O {[%emt 0:00:13]} 13. Bg5 {[%emt 0:00:23]} h6 {[%emt 0:00:41]} 14. Bxf6 {[%emt 0:00:04]} gxf6 {[%emt 0:00:02]} 15. Ne4 {[%emt 0:00:06]} Be7 {[%emt 0:00:03]} 16. Rad1 {[%emt 0:00:03]} Na5 {[%emt 0:01:15]} 17. Bb5 {[%emt 0:00:41]} a6 {[%emt 0:00:15]} 18. Be2 {[%emt 0:01:37]} e5 {[%emt 0:00:58]} 19. Nd6 {[%emt 0:01:32]} Be6 {[%emt 0:00:10]} 20. b4 {[%emt 0:00:19]} Rfd8 {[%emt 0:00:45]} 21. Ne4 {[%emt 0:00:33]} Nc4 {[%emt 0:00:34]} 22. Rfe1 {[%emt 0:01:05]} Rac8 {[%emt 0:00:25]} 23. Rxd8+ {[%emt 0:00:29]} Rxd8 {[%emt 0:00:10]} 24. h3 {[%emt 0:00:24]} a5 {[%emt 0:01:51]} 25. g4 {[%emt 0:01:08]} Ra8 {[%emt 0:02:20]} 26. Bxc4 {[%emt 0:01:45]} Bxc4 {[%emt 0:00:05]} 27. a3 {[%emt 0:00:01]} Rd8 {[%emt 0:00:24]} 28. bxa5 {[%emt 0:01:12]} h5 {[%emt 0:01:12]} 29. Nh4 {[%emt 0:00:16]} hxg4 {[%emt 0:01:24]} 30. Nf5 {[%emt 0:00:12]} Kf8 {[%emt 0:00:40]} 31. hxg4 {[%emt 0:00:14]} Be6 {[%emt 0:02:04]} 32. Rb1 {[%emt 0:01:33]} Bd5 {[%emt 0:00:11]} 33. f3 {[%emt 0:00:26]} Ra8 {[%emt 0:00:27]} 34. Nxe7 {[%emt 0:00:18]} Kxe7 {[%emt 0:00:03]} 35. Rb5 {[%emt 0:00:16]} Bc6 {[%emt 0:00:04]} 36. Rc5 {[%emt 0:00:03]} Rg8 {[%emt 0:01:00]} 37. Kf2 {[%emt 0:01:53]} Bxe4 {[%emt 0:00:48]} 38. fxe4 {[%emt 0:00:01]} Rxg4 {[%emt 0:00:01]} 39. Rc7+ {[%emt 0:00:41]} Ke6 {[%emt 0:00:06]} 40. Rxb7 {[%emt 0:00:01]} Rxe4 {[%emt 0:00:02]} 41. Rb6+ {[%emt 0:00:14]} Kf5 {[%emt 0:00:09]} 42. Rb4 {[%emt 0:00:01]} Rxb4 {[%emt 0:01:16]} 43. cxb4 {[%emt 0:00:01]} Ke6 {[%emt 0:00:02]} 44. a6 {[%emt 0:00:08]} 1-0

[Event "GER-ch Rapid Women 2020"]
[Site "Plochingen"]
[Date "2020.09.20"]
[Round "8.4"]
[White "Frey, Alisa"]
[Black "Skibbe, Diana"]
[Result "0-1"]
[WhiteElo "2087"]
[BlackElo "1991"]
[Annotator "ChessBase"]
[PlyCount "66"]
[EventDate "2020.09.19"]
[EventType "swiss"]
[EventCountry "GER"]
[SourceTitle "playchess.com"]
[Source "ChessBase"]
[SourceQuality "1"]
[TimeControl "900+10"]

1. e4 {[%emt 0:00:00]} e5 {[%emt 0:00:00]} 2. Nf3 {[%emt 0:00:00]} Nf6 {[%emt 0:00:00]} 3. Nc3 {[%emt 0:00:00]} d6 {[%emt 0:00:00]} 4. Bc4 {[%emt 0:00:29]} Be7 {[%emt 0:00:00]} 5. d3 {[%emt 0:00:11]} c6 {[%emt 0:00:00]} 6. a4 {[%emt 0:00:25]} h6 {[%emt 0:00:14]} 7. h3 {[%emt 0:00:22]} O-O {[%emt 0:00:17]} 8. O-O {[%emt 0:00:18]} Nbd7 {[%emt 0:00:04]} 9. a5 {[%emt 0:00:41]} Re8 {[%emt 0:00:06]} 10. Re1 {[%emt 0:00:46]} Nf8 {[%emt 0:00:05]} 11. Ne2 {[%emt 0:00:18]} Ng6 {[%emt 0:00:22]} 12. Ng3 {[%emt 0:01:04]} Bf8 {[%emt 0:00:09]} 13. c3 {[%emt 0:00:24]} d5 {[%emt 0:00:08]} 14. Bb3 {[%emt 0:01:05]} Qc7 {[%emt 0:00:49]} 15. Qc2 {[%emt 0:01:32]} Be6 {[%emt 0:00:18]} 16. d4 {[%emt 0:00:28]} exd4 {[%emt 0:00:37]} 17. Nxd4 {[%emt 0:00:12]} dxe4 {[%emt 0:02:13]} 18. Nxe6 {[%emt 0:00:08]} fxe6 {[%emt 0:00:06]} 19. Nxe4 {[%emt 0:00:09]} Nd5 {[%emt 0:00:07]} 20. Ng3 {[%emt 0:00:40]} Ngf4 {[%emt 0:00:36]} 21. Qe4 {[%emt 0:00:54]} Bc5 {[%emt 0:00:30]} 22. c4 {[%emt 0:00:32]} Nxh3+ {[%emt 0:00:15]} 23. Kf1 {[%emt 0:01:05]} Nxf2 {[%emt 0:00:12]} 24. Qh4 {[%emt 0:01:03]} Rf8 {[%emt 0:01:25]} 25. Ke2 {[%emt 0:00:42]} Nf4+ {[%emt 0:00:42]} 26. Bxf4 {[%emt 0:00:25]} Rxf4 {[%emt 0:00:02]} 27. Qh5 {[%emt 0:00:20]} Qd6 {[%emt 0:00:35]} 28. Bc2 {[%emt 0:00:25]} Rd8 {[%emt 0:00:12]} 29. Rad1 {[%emt 0:02:27]} Nxd1 {[%emt 0:00:08]} 30. Rxd1 {[%emt 0:00:02]} Rd4 {[%emt 0:00:16]} 31. Rxd4 {[%emt 0:02:13]} Qxd4 {[%emt 0:00:06]} 32. Ne4 {[%emt 0:00:07]} Qe3+ {[%emt 0:00:11]} 33. Kf1 {[%emt 0:00:05]} Rf8+ {[%emt 0:00:03]} 0-1

[Event "GER-ch Rapid Women 2020"]
[Site "Plochingen"]
[Date "2020.09.20"]
[Round "8.5"]
[White "Zeller, Elisa"]
[Black "Birkholz, Olga"]
[Result "1-0"]
[WhiteElo "1969"]
[BlackElo "2018"]
[Annotator "ChessBase"]
[PlyCount "68"]
[EventDate "2020.09.19"]
[EventType "swiss"]
[EventCountry "GER"]
[SourceTitle "playchess.com"]
[Source "ChessBase"]
[SourceQuality "1"]
[TimeControl "900+10"]

1. e4 {[%emt 0:00:00]} d6 {[%emt 0:00:00]} 2. d4 {[%emt 0:00:00]} g6 {[%emt 0:00:00]} 3. Nf3 {[%emt 0:00:00]} Bg7 {[%emt 0:00:00]} 4. Bc4 {[%emt 0:00:06]} e6 {[%emt 0:00:00]} 5. O-O {[%emt 0:00:02]} Ne7 {[%emt 0:00:05]} 6. Nc3 {[%emt 0:00:09]} O-O {[%emt 0:00:05]} 7. Bg5 {[%emt 0:00:10]} h6 {[%emt 0:00:04]} 8. Bh4 {[%emt 0:00:07]} Nd7 {[%emt 0:00:17]} 9. Re1 {[%emt 0:00:27]} a6 {[%emt 0:01:15]} 10. a4 {[%emt 0:00:07]} Rb8 {[%emt 0:00:22]} 11. h3 {[%emt 0:00:33]} Qe8 {[%emt 0:00:34]} 12. Qd2 {[%emt 0:02:00]} g5 {[%emt 0:00:20]} 13. Bg3 {[%emt 0:00:02]} Ng6 {[%emt 0:00:01]} 14. e5 {[%emt 0:01:21]} d5 {[%emt 0:00:11]} 15. Bd3 {[%emt 0:00:03]} c5 {[%emt 0:03:54]} 16. dxc5 {[%emt 0:02:24]} Nxc5 {[%emt 0:00:07]} 17. Bf1 {[%emt 0:00:11]} b5 {[%emt 0:02:41]} 18. axb5 {[%emt 0:00:54]} axb5 {[%emt 0:00:01]} 19. b4 {[%emt 0:01:17]} Ne4 {[%emt 0:01:09]} 20. Nxe4 {[%emt 0:00:16]} dxe4 {[%emt 0:00:00]} 21. Rxe4 {[%emt 0:00:10]} Bb7 {[%emt 0:00:01]} 22. Re3 {[%emt 0:00:22]} Bxf3 {[%emt 0:01:14]} 23. gxf3 {[%emt 0:00:02]} Qc6 {[%emt 0:00:53]} 24. Ra5 {[%emt 0:02:04]} Rfc8 {[%emt 0:01:16]} 25. Bd3 {[%emt 0:01:29]} Nf4 {[%emt 0:01:50]} 26. Bxf4 {[%emt 0:00:17]} gxf4 {[%emt 0:00:01]} 27. Re4 {[%emt 0:00:07]} Kh8 {[%emt 0:02:14]} 28. Qxf4 {[%emt 0:00:25]} Rg8 {[%emt 0:00:01]} 29. Kh2 {[%emt 0:00:10]} Qb6 {[%emt 0:00:18]} 30. Re2 {[%emt 0:00:14]} Qc6 {[%emt 0:00:25]} 31. Qxf7 {[%emt 0:02:26]} Rbf8 {[%emt 0:00:07]} 32. Qh5 {[%emt 0:00:33]} Qxf3 {[%emt 0:00:41]} 33. Qxf3 {[%emt 0:00:04]} Rxf3 {[%emt 0:00:01]} 34. Rxb5 {[%emt 0:00:27]} Rf4 {[%emt 0:00:32]} 1-0